[Event "38th Olympiad w"]
[Site "Dresden GER"]
[Date "2008.11.22"]
[Round "9"]
[White "Boric,E"]
[Black "Houska,Jo"]
[Result "1-0"]
[WhiteElo "2292"]
[BlackElo "2399"]
[EventDate "2008.11.13"]

1. e4 c6 2. d3 d5 3. Nd2 g6 4. g3 Bg7 5. Bg2 e5 6. Ne2 Nf6 7. O-O O-O 8. c3
dxe4 9. dxe4 Be6 10. Nb3 Bc4 11. Qxd8 Rxd8 12. Re1 a5 13. Be3 a4 14. Nd2
Be6 15. f3 Na6 16. Rad1 Rd7 17. Nc1 Rad8 18. Bf1 Bf8 19. Be2 a3 20. b3 Bc5
21. Nf1 b5 22. Rxd7 Nxd7 23. Rd1 Ra8 24. Kf2 Kf8 25. Nd2 Bxe3+ 26. Kxe3
Nac5 27. Nd3 Nxd3 28. Kxd3 Nc5+ 29. Kc2 Ke7 30. b4 Na4 31. Nb3 Nb2 32. Rd2
f5 33. Na5 Bxa2 34. Nxc6+ Kf6 35. Bxb5 Bb3+ 36. Kb1 Nd1 37. c4 fxe4 38.
fxe4 Nc3+ 39. Ka1 Kg5 40. h4+ Kh6 41. Nxe5 Rf8 42. Rf2 Rxf2 43. Ng4+ Kh5
44. Nxf2 Na2 45. Ba4 Bxc4 46. Bd1+ Kh6 47. Ng4+ Kg7 48. Ne3 Be6 49. b5 Nc3
50. b6 Bc8 51. Bg4 Bb7 52. e5 h5 53. Bh3 Na4 54. Nc4 Nc5 55. Ka2 Bd5 56.
Kxa3 g5 57. hxg5 Nd3 58. e6 Nc5 59. Nd6 Kf8 60. g6 Bc6 61. Kb4 Nd3+ 62. Kc3
Ne5 63. e7+ Kxe7 64. g7 Bd5 65. b7 Nc6 66. Bg2 1-0

[Event "38th Olympiad w"]
[Site "Dresden GER"]
[Date "2008.11.22"]
[Round "9"]
[White "Ciuksyte,D"]
[Black "Dengler,D"]
[Result "1-0"]
[WhiteElo "2339"]
[BlackElo "2099"]
[EventDate "2008.11.13"]

1. e4 e6 2. d4 d5 3. Nd2 Nf6 4. e5 Nfd7 5. c3 c5 6. Bd3 Nc6 7. Ne2 Qb6 8.
Nf3 cxd4 9. cxd4 f6 10. exf6 Nxf6 11. O-O Bd6 12. Re1 O-O 13. Bf4 Qc7 14.
g3 Ne4 15. Bxe4 dxe4 16. Ng5 e5 17. dxe5 Bxe5 18. Qd5+ Kh8 19. Rac1 e3 20.
Bxe3 Bxb2 21. Rb1 Be5 22. Nf4 Rf5 23. Nfe6 Bxe6 24. Qxe6 Rf6 25. Qh3 h6 26.
Red1 Rd8 27. Qh5 b6 28. Rxd8+ Nxd8 29. Qe8+ 1-0

[Event "38th Olympiad w"]
[Site "Dresden GER"]
[Date "2008.11.22"]
[Round "9"]
[White "Dedijer,S"]
[Black "Grigoryan Lyell,M"]
[Result "1-0"]
[WhiteElo "2049"]
[BlackElo "2076"]
[EventDate "2008.11.13"]

1. d4 d5 2. c4 e6 3. Nf3 c6 4. g3 Bd6 5. Nbd2 f5 6. Bg2 Nf6 7. O-O O-O 8.
Ne5 b6 9. b3 Qe7 10. Ndf3 Ne4 11. Nd3 Ba6 12. Qc2 Rc8 13. Bf4 Nd7 14. Bxd6
Qxd6 15. Rfd1 Rc7 16. Rac1 Rac8 17. c5 bxc5 18. Nxc5 Nexc5 19. dxc5 Qe7 20.
Nd4 Kh8 21. f3 Rf8 22. e4 g6 23. exd5 cxd5 24. b4 Bc4 25. f4 Qf6 26. Qc3
Re8 27. Re1 Kg8 28. a4 a5 29. c6 Nb6 30. bxa5 Nxa4 31. Qa1 Ra7 32. Bf1 Bxf1
33. Kxf1 Rxa5 34. c7 Raa8 35. c8=Q Raxc8 36. Rxc8 Rxc8 37. Qxa4 Qf7 38.
Nxe6 Re8 39. Ng5 Rxe1+ 40. Kxe1 Qe7+ 41. Kf1 h6 42. Nf3 Qc5 43. Qe8+ Kg7
44. Ne5 1-0

[Event "38th Olympiad w"]
[Site "Dresden GER"]
[Date "2008.11.22"]
[Round "9"]
[White "Bhatia,K"]
[Black "Dedijer,M"]
[Result "1-0"]
[WhiteElo "2065"]
[BlackElo "1999"]
[EventDate "2008.11.13"]

1. e4 e6 2. d4 d5 3. Nd2 dxe4 4. Nxe4 Be7 5. Nf3 Nd7 6. Bd3 Ngf6 7. c3 Nxe4
8. Bxe4 Nf6 9. Bc2 h6 10. Qd3 a6 11. O-O b6 12. Re1 Bb7 13. Ne5 Nd7 14. Qg3
Bf6 15. Ng4 Bh4 16. Qh3 h5 17. Ne3 Qf6 18. Nf5 Bxf2+ 19. Kxf2 g6 20. Qh4
gxf5 21. Qxf6 Nxf6 22. Bxf5 Kd7 23. Bd3 Rag8 24. Bf1 Rg4 25. h3 Rg6 26. Kg1
Rhg8 27. Re2 Ne4 28. Bf4 Ng3 29. Bxg3 Rxg3 30. Rae1 Rxh3 31. Rf2 Ke7 32.
Bc4 Rhg3 33. Ree2 c6 34. Rf4 b5 35. Bb3 R3g4 36. Rxg4 hxg4 37. Re5 Kd6 38.
Kf2 Bc8 39. Bd1 f5 40. Kg3 Rh8 41. Bc2 Rh1 42. Re2 c5 43. dxc5+ Kxc5 44.
Bb3 Kd6 45. Rd2+ Ke7 46. Re2 Kf6 47. Rd2 Rh7 48. Rd8 Bb7 49. Rd6 Re7 50. a4
bxa4 51. Bxa4 Kg5 52. Bc6 f4+ 53. Kf2 e5 54. b4 g3+ 55. Kg1 Bxc6 56. Rxc6
Rd7 57. Kf1 Rd1+ 58. Ke2 Rg1 59. Kf3 Rf1+ 60. Ke4 Re1+ 61. Kd5 f3 62. gxf3
g2 63. Rc8 g1=Q 64. Rg8+ Kf4 1-0

[Event "38th Olympiad w"]
[Site "Dresden GER"]
[Date "2008.11.22"]
[Round "9"]
[White "Dembo,Y"]
[Black "Blackburn,Su"]
[Result "1-0"]
[WhiteElo "2446"]
[BlackElo "1883"]
[EventDate "2008.11.13"]

1. e4 e6 2. d4 d5 3. Nd2 Nf6 4. e5 Nfd7 5. Bd3 c5 6. c3 Nc6 7. Ngf3 Qb6 8.
O-O cxd4 9. cxd4 Nxd4 10. Nxd4 Qxd4 11. Nf3 Qb6 12. Qa4 Qb4 13. Qc2 Qc5 14.
Qe2 Be7 15. Be3 Qa5 16. a3 O-O 17. Bd4 Re8 18. Rac1 Nf8 19. b4 Qd8 20. Rc3
Bd7 21. Rfc1 Qb8 22. h4 Qd8 23. h5 Bg5 24. Rf1 Bh6 25. Nh2 g6 26. Ng4 Bg7
27. Bb1 Bc6 28. Rh3 Re7 29. Nf6+ Bxf6 30. exf6 Rc7 31. Qe3 Nd7 32. hxg6
fxg6 33. Qxe6+ 1-0

[Event "38th Olympiad w"]
[Site "Dresden GER"]
[Date "2008.11.22"]
[Round "9"]
[White "Smith,O"]
[Black "Makropoulou,M"]
[Result "0-1"]
[WhiteElo "1961"]
[BlackElo "2265"]
[EventDate "2008.11.13"]

1. e4 e5 2. Nf3 Nc6 3. Bc4 Bc5 4. c3 Nf6 5. d3 a6 6. a4 d6 7. O-O Ba7 8.
Re1 O-O 9. Nbd2 Ng4 10. Re2 Kh8 11. h3 Nh6 12. Nf1 f5 13. Bxh6 gxh6 14. Rd2
Qf6 15. exf5 Bxf5 16. Bd5 Rab8 17. Ne3 Ne7 18. Nxf5 Nxd5 19. Ng3 Nf4 20.
Kh2 Rg8 21. d4 e4 22. Ne1 d5 23. Nh5 Nxh5 24. Qxh5 Qf4+ 0-1

[Event "38th Olympiad w"]
[Site "Dresden GER"]
[Date "2008.11.22"]
[Round "9"]
[White "Fakhiridou,E"]
[Black "Wilson,Ju"]
[Result "1-0"]
[WhiteElo "2248"]
[BlackElo "1935"]
[EventDate "2008.11.13"]

1. e4 e6 2. d4 d5 3. Nc3 Nf6 4. Bg5 dxe4 5. Nxe4 Be7 6. Bxf6 Bxf6 7. Nf3
Nd7 8. Qd2 O-O 9. Bd3 Be7 10. O-O-O b6 11. Neg5 Nf6 12. Rhe1 Bb7 13. Ne5 a5
14. c3 Qd5 15. Bc4 Qxg2 16. Nexf7 Nd5 17. Rg1 Bxg5 18. Nxg5 Qxf2 19. Nxe6
Qxd2+ 20. Rxd2 Rf7 21. Re2 c6 22. Ng5 Rd7 23. Bd3 g6 24. h4 b5 25. Ne4 Rf8
26. Rh2 Nf4 27. Bc2 Re7 28. Kb1 Nh5 29. a4 Bc8 30. axb5 cxb5 31. Nc5 Rfe8
32. Rf2 Ng7 33. Ka2 Kh8 34. Rg5 b4 35. Ba4 Rd8 36. Rd5 Rg8 37. Bd7 Bxd7 38.
Rxd7 Rxd7 39. Nxd7 Ne6 40. d5 Nc7 41. c4 Kg7 42. d6 Ne6 43. Re2 Kf7 44.
Ne5+ Ke8 45. Ng4 Kf7 46. Nh6+ 1-0

[Event "38th Olympiad w"]
[Site "Dresden GER"]
[Date "2008.11.22"]
[Round "9"]
[White "Malikgulyewa,A"]
[Black "Rogule,L"]
[Result "1/2-1/2"]
[WhiteElo "2051"]
[BlackElo "2260"]
[EventDate "2008.11.13"]

1. e4 c5 2. Nc3 Nc6 3. f4 g6 4. Nf3 Bg7 5. Bc4 e6 6. O-O Nge7 7. d3 d5 8.
Bb5 O-O 9. Bxc6 Nxc6 10. Qe1 Nd4 11. Qf2 b5 12. e5 Nxf3+ 13. Qxf3 Qb6 14.
a4 b4 15. Nb5 f6 16. Qg3 Bd7 17. Nd6 fxe5 18. fxe5 Rxf1+ 19. Kxf1 b3 20. c3
Qa6 21. Kg1 Rf8 22. Bg5 Rb8 23. Be7 Bb5 24. Qh3 Bd7 25. Qf3 Be8 26. Qh3 Bd7
27. Qf3 Be8 28. Bf6 Bf8 29. Rf1 Qxa4 30. Bh8 Be7 31. Bf6 Bf8 32. Bh8 Be7
33. Bf6 Bf8 34. Bh8 Be7 1/2-1/2

[Event "38th Olympiad w"]
[Site "Dresden GER"]
[Date "2008.11.22"]
[Round "9"]
[White "Berzina,I"]
[Black "Hallaeva,B"]
[Result "1-0"]
[WhiteElo "2320"]
[BlackElo "2119"]
[EventDate "2008.11.13"]

1. e4 e5 2. Nf3 Nc6 3. Bb5 a6 4. Ba4 Nf6 5. O-O Nxe4 6. d4 b5 7. Bb3 d5 8.
dxe5 Be6 9. Be3 Na5 10. Nbd2 Nxb3 11. cxb3 Nxd2 12. Qxd2 Bg4 13. Rac1 Bxf3
14. gxf3 Qd7 15. Qc3 Rc8 16. Qc6 Be7 17. Rfd1 Qxc6 18. Rxc6 Kd7 19. Rdc1 a5
20. Kf1 Rhe8 21. f4 Bf8 22. Ra6 Ra8 23. Rcc6 a4 24. bxa4 bxa4 25. Ke2 Reb8
26. Bc1 Rxa6 27. Rxa6 Rb4 28. Kd3 Bc5 29. f3 Bb6 30. h4 g6 31. Ra8 Bc5 32.
h5 gxh5 33. Rh8 h4 34. Rxh7 Be7 35. Rxf7 c5 36. Rh7 Rd4+ 37. Ke2 Rc4 38.
Bd2 Rc2 39. f5 Ke8 40. f6 Bf8 41. e6 Rxb2 42. e7 Rb6 43. exf8=Q+ Kxf8 44.
Bh6+ 1-0

[Event "38th Olympiad w"]
[Site "Dresden GER"]
[Date "2008.11.22"]
[Round "9"]
[White "Isaeva,Ak"]
[Black "Erneste,I"]
[Result "1/2-1/2"]
[WhiteElo "2063"]
[BlackElo "2290"]
[EventDate "2008.11.13"]

1. d4 d5 2. c4 e6 3. Nc3 Be7 4. Nf3 Nf6 5. Bg5 O-O 6. e3 h6 7. Bh4 b6 8.
cxd5 exd5 9. Bd3 Be6 10. Qc2 c5 11. dxc5 bxc5 12. Rd1 Nc6 13. a3 Qa5 14.
O-O Rfd8 15. Bg3 Rac8 16. Qe2 Bg4 17. Ba6 d4 18. Bxc8 Bxc8 19. b4 cxb4 20.
axb4 Qxb4 21. exd4 Qxc3 22. Rc1 Qb4 23. Rxc6 Bd7 24. Rc7 a5 25. Rfc1 a4 26.
Ne5 Bb5 27. Qa2 Nd5 28. Rb7 Qxd4 29. Nf3 Qd3 30. Ne5 Qd4 31. h3 Be8 32. Nf3
Qd3 33. Ne5 Qf5 34. Nf3 Bf6 35. Re1 Bc6 36. Ra7 h5 37. Be5 Bxe5 38. Rxe5
Qf4 39. Qc2 Nb4 40. Qe2 Qc1+ 41. Kh2 Qf4+ 42. Kg1 Qc1+ 43. Kh2 Qf4+ 44. Kg1
Qc1+ 1/2-1/2

[Event "38th Olympiad w"]
[Site "Dresden GER"]
[Date "2008.11.22"]
[Round "9"]
[White "Gansvind,V"]
[Black "Klinova,M"]
[Result "1/2-1/2"]
[WhiteElo "2212"]
[BlackElo "2327"]
[EventDate "2008.11.13"]

1. d4 d6 2. Nf3 g6 3. g3 Bg7 4. Bg2 Nf6 5. O-O O-O 6. b3 c5 7. Bb2 cxd4 8.
Nxd4 Qc7 9. c4 Nc6 10. Nc2 Bf5 11. Nc3 Qd7 12. Ne3 Bh3 13. Rb1 Bxg2 14.
Kxg2 h5 15. Ncd5 Nxd5 16. Nxd5 Rad8 17. Qd2 Qf5 18. Bxg7 Kxg7 19. Qc3+ Qe5
20. Qxe5+ dxe5 21. Rbd1 f5 22. Nc3 Kf6 23. f3 e6 24. e3 g5 25. h3 Ke7 26.
Kf2 Rg8 27. Rxd8 Rxd8 28. Ke2 Rf8 29. Rd1 Rh8 30. Na4 Rc8 31. Nc3 Rh8
1/2-1/2

[Event "38th Olympiad w"]
[Site "Dresden GER"]
[Date "2008.11.22"]
[Round "9"]
[White "Borsuk,A"]
[Black "Bashkite,V"]
[Result "1/2-1/2"]
[WhiteElo "2398"]
[BlackElo "2129"]
[EventDate "2008.11.13"]

1. d4 d5 2. Nf3 c6 3. e3 Nf6 4. c4 e6 5. Nbd2 Nbd7 6. Bd3 Bd6 7. O-O e5 8.
cxd5 cxd5 9. e4 O-O 10. exd5 exd4 11. Nc4 Nb6 12. Bg5 h6 13. Nxb6 axb6 14.
Bh4 Bg4 15. Bc2 Be7 16. Qd3 g6 17. Nxd4 Nxd5 18. Bxe7 Nxe7 19. h3 Bd7 20.
Rfe1 Nc6 21. Bb3 Qf6 22. Rad1 Rfe8 23. Rxe8+ Rxe8 24. Nxc6 Bxc6 25. Qg3 Re5
26. h4 Kg7 27. Bc4 Rh5 28. Rd6 Qe5 29. Qxe5+ Rxe5 30. f3 b5 31. Bf1 Rc5 32.
Rd2 Rh5 33. Rd4 Rc5 34. Rb4 g5 35. hxg5 hxg5 1/2-1/2

[Event "38th Olympiad w"]
[Site "Dresden GER"]
[Date "2008.11.22"]
[Round "9"]
[White "Piarnpuu,L"]
[Black "Igla,B"]
[Result "0-1"]
[WhiteElo "2145"]
[BlackElo "2254"]
[EventDate "2008.11.13"]

1. d4 Nf6 2. g3 g6 3. Bg2 d5 4. Nf3 Bg7 5. O-O c6 6. c4 O-O 7. cxd5 cxd5 8.
Nc3 Ne4 9. Nxe4 dxe4 10. Ng5 Bxd4 11. Nxe4 Nc6 12. Bh6 Re8 13. Nc3 Be6 14.
Qd2 Bg7 15. Qxd8 Rexd8 16. Bxg7 Kxg7 17. Rfd1 Rac8 18. Bd5 Bxd5 19. Nxd5
Rd7 20. Nc3 Rcd8 21. Rxd7 Rxd7 22. Rd1 Rxd1+ 23. Nxd1 Kf6 24. Kf1 Ke5 25.
Ke1 Kd4 26. Kd2 Ne5 27. h3 b5 28. Nc3 b4 29. e3+ Kc4 30. b3+ Kc5 31. Na4+
Kd5 32. Ke2 Nd7 33. f3 f5 34. Nb2 e5 35. Nd3 a5 36. Nb2 Nb6 37. h4 e4 38.
f4 Kc5 39. Kd2 Kb5 40. Kc2 Nd5 41. Nd1 a4 42. Kd2 a3 43. Ke2 Kc5 44. Kd2
Kd6 45. Nf2 Nc3 46. g4 fxg4 47. Nxg4 Nxa2 48. Kc2 Nc3 49. Ne5 Nd5 0-1

[Event "38th Olympiad w"]
[Site "Dresden GER"]
[Date "2008.11.22"]
[Round "9"]
[White "Vasiliev,Olg"]
[Black "Vahtra,T"]
[Result "1-0"]
[WhiteElo "2235"]
[BlackElo "1961"]
[EventDate "2008.11.13"]

1. e4 e6 2. d4 d5 3. e5 c5 4. c3 Qb6 5. Nf3 Nc6 6. a3 Nh6 7. b4 cxd4 8.
cxd4 Nf5 9. Be3 Bd7 10. Nc3 Nxe3 11. fxe3 Nxb4 12. Rb1 Qa5 13. axb4 Bxb4
14. Rxb4 Qxb4 15. Qa1 a6 16. Bd3 b5 17. O-O O-O 18. Ne2 Qe7 19. Qe1 b4 20.
Qg3 f5 21. exf6 Rxf6 22. Nf4 Bb5 23. Bxb5 axb5 24. Ne5 Rc8 25. Qg5 h6 26.
Qg3 Rc3 27. Ng4 Rf8 28. Nxh6+ Kh7 29. Qg6+ Kh8 30. Ng4 Rf5 31. Rf3 Rc1+ 32.
Kf2 Qh4+ 33. Rg3 Rg5 34. Qe8+ Kh7 35. Nf6+ gxf6 36. Qf7+ Kh6 37. Qxf6+ Kh7
38. Nxe6 Rc2+ 39. Ke1 Rc8 40. Nxg5+ Kg8 41. Qg6+ 1-0

[Event "38th Olympiad w"]
[Site "Dresden GER"]
[Date "2008.11.22"]
[Round "9"]
[White "Mongontuul,B"]
[Black "Schoene,Mar"]
[Result "0-1"]
[WhiteElo "2410"]
[BlackElo "2198"]
[EventDate "2008.11.13"]

1. d4 g6 2. Nf3 Nf6 3. c4 Bg7 4. Nc3 O-O 5. e4 d6 6. h3 e5 7. d5 c6 8. Be3
a5 9. g4 Na6 10. Be2 Nc5 11. Nd2 Bd7 12. h4 a4 13. h5 Qa5 14. Bxc5 dxc5 15.
g5 Ne8 16. Rc1 Nd6 17. Bg4 f5 18. gxf6 Bxg4 19. Qxg4 Rxf6 20. h6 Bh8 21.
Rh3 Qc7 22. Rd1 Qf7 23. dxc6 bxc6 24. Rd3 Rf8 25. f3 Rf4 26. Qh3 Nxc4 27.
Nxc4 Qxc4 28. Ne2 R4f7 29. Rd8 Qxa2 30. Rxf8+ Rxf8 31. Qd7 Bf6 32. Kf1 Rd8
33. Qxd8+ Bxd8 34. Rxd8+ Kf7 35. Rd7+ Kf6 36. Rxh7 Kg5 37. Rh8 Qxb2 38. h7
Kh6 39. Ra8 Qa1+ 0-1

[Event "38th Olympiad w"]
[Site "Dresden GER"]
[Date "2008.11.22"]
[Round "9"]
[White "Enxtuul,A"]
[Black "Endress,A"]
[Result "1-0"]
[WhiteElo "1977"]
[BlackElo "2067"]
[EventDate "2008.11.13"]

1. b4 e5 2. Bb2 Bxb4 3. Bxe5 Nf6 4. e3 Nc6 5. Bb2 d5 6. a3 Bc5 7. d4 Bb6 8.
c4 O-O 9. Nf3 Bg4 10. Be2 Re8 11. O-O dxc4 12. Nbd2 c3 13. Bxc3 Nd5 14. Bb2
Nxe3 15. fxe3 Rxe3 16. Kh1 Qe7 17. Re1 Rd8 18. Nc4 Nxd4 19. Nxe3 Nxf3 20.
Nd5 Rxd5 21. Qxd5 Nxe1 22. Rxe1 Bxe2 23. Rxe2 1-0

[Event "38th Olympiad w"]
[Site "Dresden GER"]
[Date "2008.11.22"]
[Round "9"]
[White "Klek,H"]
[Black "Monhchuluun,C"]
[Result "0-1"]
[WhiteElo "2004"]
[BlackElo "1969"]
[EventDate "2008.11.13"]

1. e4 e6 2. d3 d5 3. Nd2 c5 4. g3 Bd6 5. Bg2 Ne7 6. Ngf3 Nbc6 7. O-O O-O 8.
Re1 Qc7 9. Qe2 f6 10. Nf1 Bd7 11. c3 Rfe8 12. Ne3 Ng6 13. Qc2 Nce7 14. Bd2
Kh8 15. Rad1 Bc6 16. Bc1 b5 17. h4 f5 18. h5 Nf8 19. e5 Bxe5 20. Nxe5 Qxe5
21. Nxd5 Qb8 22. Nxe7 Bxg2 23. Kxg2 Rxe7 24. Bf4 e5 25. Bg5 Re8 26. h6 Ne6
27. hxg7+ Kxg7 28. Qd2 Kg6 29. Bh4 Qd6 30. Qe3 Ng7 31. Rh1 Qd5+ 32. f3 h6
33. b3 a6 34. Rhg1 Re6 35. Kf2 Kf7 36. Rge1 Ra7 37. Rd2 Rd7 38. Red1 Red6
39. Ke1 b4 40. c4 Qd4 41. Ke2 Qxe3+ 42. Kxe3 f4+ 43. Ke2 Nf5 44. Rg1 Rg6
45. Kf2 Ke6 46. g4 Nxh4 47. Rh1 Nxf3 48. Kxf3 Rd4 49. Rdd1 Kf7 50. Rhg1 Rg5
51. Ke2 h5 52. gxh5 Rxh5 53. Rh1 Rf5 54. Rh3 Rf6 55. Rg1 Ke6 56. Rg8 Kf7
57. Rg1 e4 58. dxe4 Rxe4+ 59. Kf2 Rd4 60. Rh7+ Ke6 61. Re1+ Kd6 62. Re2 f3
63. Rc2 Rg4 64. Rd2+ Ke5 65. Rh2 Kf4 66. Rd8 Ke4 67. Rd5 Rfg6 68. Rxc5 Rg2+
69. Rxg2 Rxg2+ 70. Kf1 Rxa2 71. Rc6 Ra3 72. Rf6 a5 73. Ra6 Ke3 74. Re6+ Kd4
75. Ra6 Rxb3 76. Rxa5 Kxc4 77. Kf2 Rc3 78. Ra8 Kb3 79. Rb8 Ka3 80. Ra8+ Kb2
81. Rb8 b3 82. Rb7 Kc2 0-1

[Event "38th Olympiad w"]
[Site "Dresden GER"]
[Date "2008.11.22"]
[Round "9"]
[White "Vojinovic,J"]
[Black "Baklanova,T"]
[Result "1-0"]
[WhiteElo "2332"]
[BlackElo "2231"]
[EventDate "2008.11.13"]

1. Nf3 c5 2. g3 d5 3. Bg2 Nc6 4. d4 cxd4 5. Nxd4 e5 6. Nxc6 bxc6 7. O-O Bc5
8. c4 Ne7 9. Nc3 d4 10. Ne4 Bb6 11. c5 Bc7 12. e3 f5 13. Nd6+ Bxd6 14. cxd6
Qxd6 15. exd4 e4 16. f3 exf3 17. Bf4 Qb4 18. Rxf3 Kf7 19. Rb3 Qa5 20. Qh5+
g6 21. Qh4 Qd8 22. Be5 g5 23. Qxg5 Ng6 24. Qxd8 Rxd8 25. Bxc6 Nxe5 26. dxe5
Be6 27. Rb7+ Kf8 28. b4 Rab8 29. Rxb8 Rxb8 30. b5 Ke7 31. a4 Bd7 32. Rc1 h5
33. Kf2 h4 34. gxh4 Rh8 35. Rc4 Be6 36. Rd4 Rc8 37. h5 Rh8 38. Rh4 Rh6 39.
Ke3 Bb3 40. Kf4 Ke6 41. a5 Ke7 42. Kg5 Rh8 43. h6 Rg8+ 44. Kf4 Bf7 45. h7
Rh8 46. Kg5 f4 47. b6 axb6 48. a6 Be8 49. Be4 b5 1-0

[Event "38th Olympiad w"]
[Site "Dresden GER"]
[Date "2008.11.22"]
[Round "9"]
[White "Ryvova,A"]
[Black "Drljevic,L"]
[Result "0-1"]
[WhiteElo "2009"]
[BlackElo "2259"]
[EventDate "2008.11.13"]

1. e4 d6 2. d4 Nf6 3. Nc3 g6 4. f4 Bg7 5. Nf3 O-O 6. Bd3 Na6 7. a3 c5 8. e5
Nd7 9. Be3 cxd4 10. Bxd4 dxe5 11. Bxe5 Nxe5 12. Nxe5 Qd4 13. Nf3 Qxf4 14.
Bxa6 bxa6 15. Qd2 Qc4 16. Qd3 Qxd3 17. cxd3 Bf5 18. O-O-O Rac8 19. d4 Bh6+
20. Nd2 Rxc3+ 21. bxc3 Rb8 0-1

[Event "38th Olympiad w"]
[Site "Dresden GER"]
[Date "2008.11.22"]
[Round "9"]
[White "Stojanovic,Mari"]
[Black "Gerasimova,O"]
[Result "1/2-1/2"]
[WhiteElo "2199"]
[BlackElo "2316"]
[EventDate "2008.11.13"]

1. e4 c5 2. Nf3 Nc6 3. d4 cxd4 4. Nxd4 Nf6 5. Nc3 g6 6. Be3 Bg7 7. Be2 O-O
8. O-O d6 9. h3 h6 10. Qd2 Kh7 11. f4 Bd7 12. Rad1 a6 13. Bf3 Rc8 14. Nb3
b5 15. Nd5 Nxd5 16. exd5 Nb8 17. c3 a5 18. Nc1 Na6 19. Ne2 b4 20. Bd4 bxc3
21. Nxc3 Bxd4+ 22. Qxd4 Rb8 23. Rf2 Qb6 24. Re2 e6 25. Ne4 f5 26. Qxb6 Rxb6
27. Nc3 Nc5 28. dxe6 Bxe6 29. Bd5 Rf6 30. Rde1 Ne4 31. Bxe4 fxe4 32. Rxe4
d5 33. Rd4 Rxb2 34. Nxd5 Bxd5 35. Rxd5 Rxa2 36. Re7+ Kg8 37. Rd8+ Rf8 38.
Rdd7 Rxf4 39. Rd8+ Rf8 40. Rdd7 Rf6 41. Rd8+ Rf8 42. Rdd7 Rf6 1/2-1/2

[Event "38th Olympiad w"]
[Site "Dresden GER"]
[Date "2008.11.22"]
[Round "9"]
[White "Paridar,S"]
[Black "Stolarczyk,An"]
[Result "1-0"]
[WhiteElo "2248"]
[BlackElo "2001"]
[EventDate "2008.11.13"]

1. e4 c5 2. c3 d5 3. exd5 Qxd5 4. d4 Nf6 5. Nf3 e6 6. Be3 cxd4 7. cxd4 Be7
8. Nc3 Qd8 9. Bd3 O-O 10. O-O Nc6 11. a3 b6 12. Qe2 Bb7 13. Rad1 Re8 14.
Rfe1 a6 15. Bb1 Qc7 16. Bg5 Rad8 17. h3 b5 18. Qc2 g6 19. Ba2 b4 20. Na4
Nd5 21. Bxe7 Ncxe7 22. Qd2 bxa3 23. Nc5 axb2 24. Qxb2 Rb8 25. Ne5 Bc6 26.
Qd2 Bb5 27. h4 h5 28. Qg5 Rb6 29. Ne4 Kg7 30. Bb1 Nf5 31. Ng3 Kh7 32. Nxf5
exf5 33. Bxf5 gxf5 34. Qxf5+ Kg7 35. Qg5+ Kf8 36. Qxh5 Ree6 37. Rc1 Rh6 38.
Qf3 Bc6 39. Qxd5 Bxd5 40. Rxc7 Rxh4 41. Nd7+ 1-0

[Event "38th Olympiad w"]
[Site "Dresden GER"]
[Date "2008.11.22"]
[Round "9"]
[White "Debowska,T"]
[Black "Ghader Pour,S"]
[Result "0-1"]
[WhiteElo "1916"]
[BlackElo "2149"]
[EventDate "2008.11.13"]

1. e4 c5 2. Nc3 e6 3. g3 d5 4. exd5 exd5 5. Bg2 Nf6 6. d3 h6 7. Nge2 Be7 8.
O-O O-O 9. d4 cxd4 10. Nxd4 Nc6 11. h3 Qb6 12. Nce2 Ne4 13. c3 Bc5 14. Kh2
Re8 15. f3 Nd6 16. Nf4 Bxd4 17. cxd4 Be6 18. b3 Nf5 19. Ne2 Ncxd4 20. Nc3
Qc7 21. Qe1 Nc2 22. Bf4 Qd7 23. Qf2 Nxa1 24. Rxa1 Rac8 25. Na4 Rc6 26. g4
Ne7 27. Nc5 Qc8 28. Nxe6 Rxe6 29. Qxa7 Re2 30. Qa4 Nc6 31. Rg1 d4 32. Kh1
Qd7 33. Bg3 d3 34. Rd1 d2 35. Kh2 Qd3 0-1

[Event "38th Olympiad w"]
[Site "Dresden GER"]
[Date "2008.11.22"]
[Round "9"]
[White "Salman,Ma"]
[Black "Fries,E"]
[Result "1-0"]
[WhiteElo "2112"]
[BlackElo "1738"]
[EventDate "2008.11.13"]

1. e4 c6 2. d4 d5 3. exd5 cxd5 4. Bd3 Nc6 5. c3 Nf6 6. Bf4 Bg4 7. Qb3 Qd7
8. Nd2 e6 9. Ngf3 Bxf3 10. Nxf3 Bd6 11. Bg3 Rb8 12. O-O O-O 13. Rae1 Qc7
14. Bxd6 Qxd6 15. Ne5 Qc7 16. f4 a6 17. Qd1 g6 18. Re3 Ne7 19. g4 Kh8 20.
Qe1 Nd7 21. Qh4 Ng8 22. g5 f5 23. Nxg6+ 1-0

[Event "38th Olympiad w"]
[Site "Dresden GER"]
[Date "2008.11.22"]
[Round "9"]
[White "Caoili,A"]
[Black "Algildah,N"]
[Result "1-0"]
[WhiteElo "2170"]
[BlackElo "1951"]
[EventDate "2008.11.13"]

1. c4 e5 2. Nc3 g6 3. Nf3 Bg7 4. g3 Nc6 5. Bg2 Nge7 6. Rb1 d6 7. b4 O-O 8.
b5 Nb8 9. O-O Nd7 10. e3 f5 11. d3 h6 12. Qb3 Kh7 13. Ne1 a5 14. Qa3 Ra7
15. Nd5 b6 16. Nc2 Bb7 17. Nxe7 Qxe7 18. Nb4 Bxg2 19. Kxg2 Rb7 20. Nc6 Qf7
21. f3 Nb8 22. Bd2 Nxc6 23. bxc6 Ra7 24. Qa4 Raa8 25. Qb5 Rfe8 26. a4 Qe6
27. Qd5 Qxd5 28. cxd5 Kg8 29. e4 Rf8 30. h4 h5 31. Be3 Rab8 32. Rfd1 Bf6
33. Rh1 Bg7 34. Kf2 Rf7 35. Ke2 Bf6 36. Rhg1 Kh7 37. Bf2 Rbf8 38. Be3 Bd8
39. Rbf1 Kg8 40. Rc1 Kh7 41. Rcf1 Kg8 42. d4 Re8 43. Kd3 Bf6 44. dxe5 Bxe5
45. Bf4 Bf6 46. Re1 Rfe7 47. Re2 fxe4+ 48. Rxe4 Rxe4 49. fxe4 Kf7 50. Rf1
Kg7 51. Bh6+ Kxh6 52. Rxf6 Kg7 53. Rf4 Re5 54. Kc4 Kg8 55. Kb5 Re7 56. Ka6
Rg7 57. Kb7 Rh7 58. Kc8 Rg7 59. Kd8 Rh7 60. Ke8 Rg7 61. Rf8+ Kh7 62. Rf7
1-0

[Event "38th Olympiad w"]
[Site "Dresden GER"]
[Date "2008.11.22"]
[Round "9"]
[White "Moylan,L"]
[Black "Al Jelda,F"]
[Result "1/2-1/2"]
[WhiteElo "2114"]
[BlackElo "1857"]
[EventDate "2008.11.13"]

1. e4 e6 2. d3 d5 3. Nd2 Nf6 4. Ngf3 b6 5. c3 Bb7 6. e5 Nfd7 7. d4 c5 8.
Bd3 Be7 9. Qe2 O-O 10. a3 Re8 11. h4 f6 12. exf6 Bxf6 13. Ng5 Nf8 14. dxc5
bxc5 15. c4 Nc6 16. Ndf3 Nd4 17. Nxd4 Bxd4 18. Qc2 h6 19. Nf3 Qf6 20. Nxd4
cxd4 21. cxd5 Bxd5 22. f3 Rac8 23. Qe2 e5 24. Be4 Bb3 25. Bd2 Ne6 26. Rc1
Nf4 27. Bxf4 Qxf4 28. Rxc8 Rxc8 29. O-O Bc4 30. Bd3 Bxd3 31. Qxd3 Qxh4 32.
Qb5 Qe7 33. Re1 Rc5 34. Qb3+ Kh8 35. Qd3 Qc7 36. Qe4 Qb6 37. Qa8+ Kh7 38.
Qe4+ Qg6 39. f4 exf4 40. Qxf4 Rc2 41. Qe4 Qxe4 42. Rxe4 d3 43. Rd4 d2 44.
Kf1 Rxb2 45. Ke2 d1=Q+ 46. Kxd1 Rxg2 47. Rd7 a6 48. Ra7 Rg6 49. Ke2 h5 50.
Kf2 h4 51. Rc7 Rb6 52. Rc4 g5 53. a4 Kh6 54. Kf3 Kg6 55. a5 Rb3+ 56. Kg2
h3+ 57. Kh2 Kh5 58. Rc6 Kh4 59. Rxa6 Rb2+ 60. Kh1 Kg3 61. Rb6 Ra2 62. Rb3+
Kh4 63. a6 Rxa6 64. Rb4+ g4 65. Kh2 Ra2+ 66. Kh1 Re2 67. Kg1 Kg3 68. Rb1
Kf3 69. Rf1+ Ke3 70. Rf8 g3 71. Re8+ Kd2 72. Rd8+ Ke1 73. Rd3 Rg2+ 74. Kh1
Kf2 75. Rd2+ Kf3 76. Rxg2 hxg2+ 77. Kg1 Kg4 78. Kxg2 Kf4 79. Kg1 Kf3 80.
Kf1 Kf4 81. Kg1 Ke5 1/2-1/2

[Event "38th Olympiad w"]
[Site "Dresden GER"]
[Date "2008.11.22"]
[Round "9"]
[White "Terao,J"]
[Black "Perena,C"]
[Result "0-1"]
[WhiteElo "2143"]
[BlackElo "2210"]
[EventDate "2008.11.13"]

1. e4 e5 2. Nf3 Nf6 3. Nxe5 d6 4. Nf3 Nxe4 5. Qe2 Qe7 6. d3 Nf6 7. Bg5 Be6
8. Nc3 h6 9. Bxf6 Qxf6 10. d4 Qe7 11. O-O-O d5 12. Re1 c6 13. Qd2 Nd7 14.
Bd3 Qf6 15. Ne5 O-O-O 16. f4 g6 17. g4 h5 18. g5 Qe7 19. Nf3 Qd6 20. Nh4
Bg7 21. f5 gxf5 22. Bxf5 Nb6 23. Ne2 Nc4 24. Qc3 Rhe8 25. Kb1 Bd7 26. Ng3
c5 27. Bxd7+ Kxd7 28. Ngf5 Rxe1+ 29. Rxe1 cxd4 30. Nxd4 Qb6 31. Nhf5 Be5
32. Rd1 Rc8 33. Ka1 Rc5 34. Qb3 Qa6 35. Ne3 Bxd4 36. Nxc4 Qxc4 37. Qh3+ Kc6
38. Qc8+ Kb6 39. Qd8+ Ka6 40. Qd6+ b6 0-1

[Event "38th Olympiad w"]
[Site "Dresden GER"]
[Date "2008.11.22"]
[Round "9"]
[White "Cua,Sherc"]
[Black "Feliciano,V"]
[Result "1-0"]
[WhiteElo "2154"]
[BlackElo "2126"]
[EventDate "2008.11.13"]

1. d4 Nf6 2. c4 g6 3. Nc3 Bg7 4. e4 d6 5. f3 c5 6. d5 O-O 7. Be3 e6 8. Qd2
exd5 9. cxd5 a6 10. a4 Nbd7 11. Nh3 Re8 12. Be2 Rb8 13. O-O Ne5 14. Nf2 b6
15. Rac1 Qe7 16. Bg5 Qb7 17. h3 Ned7 18. Bf4 Ne5 19. Bh2 h5 20. Rce1 Nh7
21. f4 Nd7 22. Kh1 f6 23. f5 Ne5 24. Bxe5 Rxe5 25. Nd3 Re7 26. fxg6 Nf8 27.
Bxh5 b5 28. axb5 axb5 29. Qf2 b4 30. Nd1 c4 31. Nf4 f5 32. exf5 Bxf5 33.
Rxe7 Qxe7 34. Re1 Qf6 35. Ne3 Bxg6 36. Qg3 Bh7 37. Nxc4 Rc8 38. Be2 Rxc4
39. Bxc4 Qxb2 40. Nh5 Bg6 41. Nxg7 Kxg7 42. Qxd6 1-0